000 00676cam a2200205 a 4500
001 000017960
005 20200929165309.0
008 870505s1965 it 000 0 ita d
040 _aDO-SdBNP
_bita
_cLC
_dBNPHU
050 0 0 _aPQ4803
_b.F46 1967
082 _ann*
_bD188f
100 1 _aD'Annunzio, Gabriele,
_d1863-1938
_938942
245 1 3 _aLa figlia di Iorio :
_btragedia pastorale in tre atti /
_cGabriele D'Annunzio.
260 _a[Milano] :
_bA. Mondadori,
_c1965.
300 _a123, [5] p. ;
_c21 cm.
490 1 _aOpere scelte di Gabriele d'Annunzio,
_v3
830 0 _aOpere scelte di Gabriele d'Annunzio,
_v3
_938943
910 _aCatalogación derivada
049 _aBNGR
999 _c17484
_d17484